[Event "Budapest Art Pub Cup 7th"]
[Site "Budapest"]
[Date "2015.03.15"]
[Round "6"]
[White "Laszlo, Imre"]
[Black "Bakk, Zoltan"]
[Result "1/2-1/2"]
[WhiteElo "2120"]
[BlackElo "2044"]
[PlyCount "104"]
[EventDate "2015.03.13"]
[EventType "swiss"]
[EventRounds "6"]
[EventCountry "HUN"]
[SourceTitle "CBM 165 Extra"]
[Source "ChessBase"]
[SourceDate "2015.04.21"]
[SourceVersion "1"]
[SourceVersionDate "2015.04.21"]
[SourceQuality "1"]

1. e4 c5 2. Nf3 a6 3. c4 e6 4. d4 cxd4 5. Nxd4 Nf6 6. Bd3 Nc6 7. Nxc6 dxc6 8. 0-0 e5 9. Qe2 Bc5 10. Be3 Qb6 11. Bxc5 Qxc5 12. Kh1 0-0 13. Nc3 Be6 14. b3 b5 15. Rac1 bxc4 16. Bxc4 Bxc4 17. Qxc4 Qxc4 18. bxc4 Rfd8 19. Rfd1 Rd4 20. Rxd4 exd4 21. Ne2 Nxe4 22. Nxd4 Nxf2+ 23. Kg1 Nd3 24. Rc3 Ne5 25. c5 Rd8 26. Rb3 g6 27. Nf3 Nxf3+ 28. gxf3 Rd1+ 29. Kg2 Rd2+ 30. Kg3 Rxa2 31. Rb6 a5 32. Rxc6 Rc2 33. Rc8+ Kg7 34. c6 Kf6 35. Ra8 Rxc6 36. Rxa5 g5 37. h4 gxh4+ 38. Kxh4 Rc4+ 39. Kg3 Kg6 40. Rb5 h5 41. f4 Rc3+ 42. Kh4 Rf3 43. Rg5+ Kf6 44. Rxh5 Rxf4+ 45. Kg3 Rc4 46. Ra5 Kg6 47. Kf3 f5 48. Ra8 Kg5 49. Rg8+ Kf6 50. Rf8+ Ke5 51. Re8+ Kf6 52. Rf8+ Ke5 1/2-1/2

[Event "Budapest Art Pub Cup 3rd"]
[Site "Budapest"]
[Date "2014.01.05"]
[Round "6"]
[White "Lakat, Gyula"]
[Black "Bakk, Zoltan"]
[Result "0-1"]
[WhiteElo "1823"]
[BlackElo "2071"]
[PlyCount "120"]
[EventDate "2014.01.02"]
[EventType "swiss"]
[EventRounds "7"]
[EventCountry "HUN"]
[SourceTitle "CBM 158 Extra"]
[Source "ChessBase"]
[SourceDate "2014.02.28"]
[SourceVersion "1"]
[SourceVersionDate "2014.02.28"]
[SourceQuality "1"]

1. e4 e6 2. d4 d5 3. Nc3 Bb4 4. e5 Ne7 5. g3 Bxc3+ 6. bxc3 b6 7. Bd3 Ba6 8. f4 Bxd3 9. cxd3 c5 10. Nf3 Nbc6 11. dxc5 bxc5 12. 0-0 Qa5 13. Qc2 Rb8 14. Be3 Nf5 15. Bf2 h6 16. g4 Nfe7 17. Kh1 h5 18. Rg1 hxg4 19. Rxg4 Nf5 20. Nh4 Nxh4 21. Bxh4 g6 22. Bf6 Rh5 23. d4 Ne7 24. Bxe7 Kxe7 25. Rgg1 Rbh8 26. Rg2 Rc8 27. Qb3 Rhh8 28. a4 Rb8 29. Qa3 Rhc8 30. Rgg1 Ke8 31. Rgb1 Rb6 32. Rxb6 Qxb6 33. a5 Qb5 34. dxc5 Qxc5 35. Qa4+ Qc6 36. Qxc6+ Rxc6 37. Rb1 Kd7 38. Rb3 Kc7 39. Kg2 Ra6 40. Ra3 Kc6 41. Kf3 Kb5 42. Rb3+ Kc4 43. Ra3 Kd3 44. Kg4 Kc2 45. Kg5 Kb2 46. Ra4 Kxc3 47. Kf6 d4 48. Kxf7 d3 49. Kxg6 d2 50. Ra3+ Kd4 51. Ra1 Rxa5 52. Rd1 Ke3 53. Kg5 Rc5 54. h4 Rc1 55. Rxd2 Kxd2 56. f5 exf5 57. h5 a5 58. h6 a4 59. e6 a3 60. h7 Rc8 0-1

[Event "Budapest Art Pub Cup 3rd"]
[Site "Budapest"]
[Date "2014.01.04"]
[Round "4"]
[White "Radnai, Adam"]
[Black "Bakk, Zoltan"]
[Result "1-0"]
[WhiteElo "2339"]
[BlackElo "2071"]
[PlyCount "77"]
[EventDate "2014.01.02"]
[EventType "swiss"]
[EventRounds "7"]
[EventCountry "HUN"]
[SourceTitle "CBM 158 Extra"]
[Source "ChessBase"]
[SourceDate "2014.02.28"]
[SourceVersion "1"]
[SourceVersionDate "2014.02.28"]
[SourceQuality "1"]

1. e4 e6 2. d4 d5 3. Nd2 c5 4. dxc5 Bxc5 5. Nb3 Bb6 6. exd5 exd5 7. Nf3 Nf6 8. Bb5+ Nc6 9. Qe2+ Qe7 10. Qxe7+ Kxe7 11. Bg5 Be6 12. 0-0 h6 13. Bxf6+ Kxf6 14. c3 a6 15. Bd3 g5 16. Rfe1 h5 17. Rad1 Rad8 18. Nfd4 Nxd4 19. Nxd4 Bxd4 20. cxd4 h4 21. Re5 Rc8 22. f4 gxf4 23. Rf1 Ke7 24. Rxf4 Rc1+ 25. Rf1 Rxf1+ 26. Kxf1 f6 27. Re1 Kd7 28. Kf2 Rg8 29. h3 Rg5 30. Re3 Bf5 31. Bxf5+ Rxf5+ 32. Rf3 Ke6 33. Rxf5 Kxf5 34. Kf3 b6 35. g3 hxg3 36. Kxg3 Kg5 37. h4+ Kh5 38. b3 b5 39. b4 1-0

[Event "Budapest Art Pub Cup 3rd"]
[Site "Budapest"]
[Date "2014.01.03"]
[Round "3"]
[White "Bakk, Zoltan"]
[Black "Juhasz, Mark"]
[Result "1-0"]
[WhiteElo "2071"]
[BlackElo "2194"]
[PlyCount "41"]
[EventDate "2014.01.02"]
[EventType "swiss"]
[EventRounds "7"]
[EventCountry "HUN"]
[SourceTitle "CBM 158 Extra"]
[Source "ChessBase"]
[SourceDate "2014.02.28"]
[SourceVersion "1"]
[SourceVersionDate "2014.02.28"]
[SourceQuality "1"]

1. d4 Nf6 2. Nf3 c5 3. d5 b5 4. Bg5 Qb6 5. Nc3 b4 6. Na4 Qa5 7. Bxf6 gxf6 8. b3 f5 9. e4 fxe4 10. Ng5 Bg7 11. d6 Nc6 12. dxe7 Nxe7 13. Bc4 Ba6 14. Bxf7+ Kf8 15. Bd5 Re8 16. Qh5 Ng6 17. Nxh7+ Ke7 18. Qg5+ Kd6 19. Qxg6+ Kxd5 20. 0-0-0+ Bd4 21. Nf6+ 1-0

[Event "Budapest Art Pub Cup 3rd"]
[Site "Budapest"]
[Date "2014.01.02"]
[Round "1"]
[White "Papp, Andras"]
[Black "Bakk, Zoltan"]
[Result "0-1"]
[WhiteElo "1457"]
[BlackElo "2071"]
[PlyCount "70"]
[EventDate "2014.01.02"]
[EventType "swiss"]
[EventRounds "7"]
[EventCountry "HUN"]
[SourceTitle "CBM 158 Extra"]
[Source "ChessBase"]
[SourceDate "2014.02.28"]
[SourceVersion "1"]
[SourceVersionDate "2014.02.28"]
[SourceQuality "1"]

1. e4 e6 2. d4 d5 3. exd5 exd5 4. c4 Bb4+ 5. Nc3 Ne7 6. Bd3 dxc4 7. Bxc4 0-0 8. Bg5 Nbc6 9. Nge2 Bg4 10. 0-0 Qd7 11. Be3 Na5 12. Bd3 Nf5 13. Bxf5 Bxf5 14. Rc1 Rad8 15. d5 Nc4 16. Qb3 Nxe3 17. fxe3 Bc5 18. Nd4 Bxd4 19. exd4 Bd3 20. Rf3 Ba6 21. a4 c6 22. Rd1 cxd5 23. Re3 Rfe8 24. Re5 Bc4 25. Qc2 f6 26. Rh5 g6 27. Rh4 Re3 28. Qf2 Rde8 29. h3 Qe7 30. Rf4 f5 31. Kh2 a6 32. Rg1 b5 33. g4 fxg4 34. Rgxg4 b4 35. Nxd5 Bxd5 0-1

[Event "HUN-chT2 Barcza 0910"]
[Site "Hungary"]
[Date "2010.02.28"]
[Round "7.4"]
[White "Bakk, Zoltan"]
[Black "Petro, Janos"]
[Result "1-0"]
[WhiteElo "2065"]
[BlackElo "2116"]
[PlyCount "61"]
[EventDate "2009.11.08"]
[EventType "team-tourn"]
[EventRounds "11"]
[EventCountry "HUN"]
[SourceTitle "EXT 2011"]
[Source "ChessBase"]
[SourceDate "2010.11.26"]
[SourceVersion "1"]
[SourceVersionDate "2010.11.26"]
[SourceQuality "1"]
[WhiteTeam "Piremon"]
[BlackTeam "Edeleny"]
[WhiteTeamCountry "HUN"]
[BlackTeamCountry "HUN"]

1. d4 Nf6 2. Nf3 c5 3. d5 d6 4. Nc3 g6 5. e4 Bg7 6. Bb5+ Nfd7 7. a4 0-0 8. 0-0 Ne5 9. Nxe5 Bxe5 10. Be3 a6 11. Bc4 Qa5 12. Qe2 Nd7 13. Bd2 Qc7 14. a5 Bg7 15. f4 Nf6 16. h3 e6 17. dxe6 Bxe6 18. Bxe6 fxe6 19. Qc4 Kh8 20. Qxe6 b5 21. axb6 Qxb6 22. Qb3 Qc6 23. Qc4 Rfb8 24. Nd5 Rxb2 25. Bc3 Rxc2 26. Nxf6 Rf8 27. Nd5 Bxc3 28. Nxc3 Rb8 29. Rfb1 Rb6 30. Qf7 h6 31. Nd5 1-0

[Event "Debrecen Karneval Cup"]
[Site "Debrecen"]
[Date "2008.08.19"]
[Round "3"]
[White "Ats, Laszlo Gyorgy"]
[Black "Bakk, Zoltan"]
[Result "0-1"]
[WhiteElo "2148"]
[BlackElo "1986"]
[PlyCount "42"]
[EventDate "2008.08.18"]
[EventType "swiss"]
[EventRounds "7"]
[EventCountry "HUN"]
[SourceTitle "CBM 126 Extra"]
[Source "ChessBase"]
[SourceDate "2008.11.05"]
[SourceVersion "1"]
[SourceVersionDate "2008.11.05"]
[SourceQuality "1"]

1. d4 d6 2. h4 Nf6 3. Bf4 c5 4. d5 b5 5. e3 Qa5+ 6. Nc3 a6 7. Be2 Ne4 8. Qd3 Bf5 9. g4 Nxc3 10. Qxf5 Nxe2+ 11. Kxe2 Nd7 12. h5 Qb4 13. b3 g6 14. hxg6 hxg6 15. Rxh8 gxf5 16. Nf3 Qc3 17. Rah1 Qxc2+ 18. Nd2 0-0-0 19. gxf5 Qxf5 20. R1h5 Qc2 21. Rg8 Nf6 0-1

[Event "FICGS no engines 00 email"]
[Site "FICGS email"]
[Date "2008.03.08"]
[Round "1"]
[White "Bakk, Zoltan"]
[Black "Inving, Yugi"]
[Result "0-1"]
[WhiteElo "2016"]
[BlackElo "1280"]
[PlyCount "20"]
[EventDate "2008.??.??"]
[EventType "swiss (corr)"]
[EventRounds "1"]
[SourceTitle "Corr 2022"]
[Source "ChessBase"]
[SourceDate "2021.10.24"]
[SourceVersion "1"]
[SourceVersionDate "2021.10.24"]
[SourceQuality "1"]

1. d4 f5 2. Nc3 Nf6 3. Bg5 e6 4. e4 Be7 5. exf5 exf5 6. Bc4 Nc6 7. Nh3 Na5 8. Bd3 d5 9. 0-0 0-0 10. Re1 c6 0-1

[Event "FICGS class A 000033 email"]
[Site "FICGS email"]
[Date "2008.01.02"]
[Round "1"]
[White "Bakk, Zoltan"]
[Black "Gray, Garvin"]
[Result "0-1"]
[WhiteElo "2016"]
[BlackElo "2071"]
[PlyCount "58"]
[EventDate "2008.??.??"]
[EventType "tourn (corr)"]
[EventRounds "6"]
[SourceTitle "Corr 2022"]
[Source "ChessBase"]
[SourceDate "2021.10.24"]
[SourceVersion "1"]
[SourceVersionDate "2021.10.24"]
[SourceQuality "1"]

1. d4 Nf6 2. Nf3 e6 3. c4 c5 4. d5 exd5 5. cxd5 d6 6. Nc3 g6 7. Bf4 a6 8. e4 b5 9. Qe2 Be7 10. Qc2 0-0 11. a4 b4 12. Nb1 b3 13. Qxb3 Nxe4 14. Bd3 f5 15. 0-0 Nd7 16. Re1 Rb8 17. Qc2 Bf6 18. Ra2 Nb6 19. Nc3 Bxc3 20. bxc3 Nxd5 21. Bh6 Re8 22. Rb2 Rxb2 23. Qxb2 Ndf6 24. c4 Bd7 25. a5 Bc6 26. h3 Re7 27. Qa1 Ne8 28. Rd1 Rd7 29. Bxe4 fxe4 0-1

[Event "FICGS class A 000033 email"]
[Site "FICGS email"]
[Date "2008.01.02"]
[Round "1"]
[White "Bakk, Zoltan"]
[Black "Valentin, Florea"]
[Result "0-1"]
[WhiteElo "2016"]
[BlackElo "2084"]
[PlyCount "40"]
[EventDate "2008.??.??"]
[EventType "tourn (corr)"]
[EventRounds "6"]
[SourceTitle "Corr 2022"]
[Source "ChessBase"]
[SourceDate "2021.10.24"]
[SourceVersion "1"]
[SourceVersionDate "2021.10.24"]
[SourceQuality "1"]

1. d4 Nf6 2. Nf3 e6 3. c4 b6 4. Nc3 Bb7 5. a3 d5 6. cxd5 Nxd5 7. e3 Be7 8. Bb5+ c6 9. Bd3 0-0 10. Qc2 h6 11. e4 Nxc3 12. bxc3 c5 13. 0-0 Nc6 14. Bb2 Na5 15. Qe2 Bd6 16. e5 Be7 17. Rad1 cxd4 18. Nxd4 Bc5 19. Nb5 Qg5 20. g3 h5 0-1

[Event "IECC O email"]
[Site "IECC email"]
[Date "2002.03.11"]
[Round "?"]
[White "Endean, Andrew"]
[Black "Bakk, Zoltan"]
[Result "1-0"]
[WhiteElo "1997"]
[BlackElo "1875"]
[PlyCount "49"]
[EventDate "2002.??.??"]
[EventType "tourn (corr)"]
[EventRounds "6"]
[SourceTitle "Corr 2008"]
[Source "ChessBase"]
[SourceDate "2008.06.24"]
[SourceVersion "1"]
[SourceVersionDate "2008.06.24"]
[SourceQuality "1"]

1. d4 d6 2. e4 Nf6 3. Nc3 c6 4. f4 Qa5 5. Bd3 Bg4 6. Nf3 e5 7. Be3 Nbd7 8. 0-0 Be7 9. h3 Bxf3 10. Qxf3 b5 11. a3 b4 12. Ne2 0-0 13. Bd2 Qb6 14. axb4 exf4 15. Kh2 g5 16. Bc3 d5 17. e5 Ne4 18. Bxe4 dxe4 19. Qg4 Qc7 20. Nxf4 Nb6 21. Nh5 Nd5 22. Qxe4 f6 23. Kh1 fxe5 24. dxe5 Rae8 25. Qd4 1-0